[Event "FRA-ch op-B"]
[Site "Aix les Bains"]
[Date "2003.08.26"]
[Round "7"]
[White "Cheron, Stephane"]
[Black "Lavastre, Elie"]
[Result "1-0"]
[WhiteElo "1940"]
[BlackElo "1840"]
[PlyCount "57"]
[EventDate "2003.08.19"]
[EventType "swiss"]
[EventRounds "9"]
[EventCountry "FRA"]
[SourceTitle "EXT 2004"]
[Source "ChessBase"]
[SourceDate "2003.11.25"]
[SourceVersion "1"]
[SourceVersionDate "2003.11.25"]
[SourceQuality "1"]

1. e4 e5 2. Nf3 Nc6 3. d4 exd4 4. Nxd4 Nxd4 5. Qxd4 d6 6. Nc3 Nf6 7. Bg5 Be7 8. Bd3 Be6 9. 0-0 0-0 10. Rad1 h6 11. Bc1 a6 12. e5 dxe5 13. Qxe5 Bd6 14. Qe2 Bg4 15. f3 Re8 16. Qf2 Bd7 17. Kh1 Qe7 18. Rde1 Qf8 19. Be3 Bc6 20. Bd4 Nh5 21. Ne4 Nf4 22. Bc4 Nd5 23. Qh4 b5 24. Bxd5 Bxd5 25. Nf6+ gxf6 26. Qxf6 Be5 27. Rxe5 Re6 28. Rxe6 fxe6 29. Qg6+ 1-0

[Event "FRA-ch U20"]
[Site "Le Grand Bornand"]
[Date "2003.??.??"]
[Round "3.9"]
[White "Lavastre, Elie"]
[Black "Ragot, Nicolas"]
[Result "0-1"]
[WhiteElo "1960"]
[BlackElo "2104"]
[PlyCount "92"]
[EventDate "2003.??.??"]
[EventType "swiss"]
[EventRounds "9"]
[EventCountry "FRA"]
[SourceTitle "EXT 2004"]
[Source "ChessBase"]
[SourceDate "2003.11.25"]
[SourceVersion "1"]
[SourceVersionDate "2003.11.25"]
[SourceQuality "1"]

1. e4 c5 2. Bc4 Nc6 3. c3 Qa5 4. f4 g6 5. Nf3 Bg7 6. 0-0 e6 7. d3 Nge7 8. Bb3 0-0 9. Qe1 d5 10. Bd2 c4 11. Bc2 Qb6+ 12. d4 Qxb2 13. Qc1 Qb6 14. e5 Bd7 15. Na3 a6 16. Rb1 Qa7 17. Qe1 b5 18. Bd1 Rfb8 19. Nc2 a5 20. a3 Rb6 21. Qh4 Rab8 22. g4 Qc7 23. Ne3 Bf8 24. Bc2 b4 25. cxb4 axb4 26. axb4 Nxb4 27. Rxb4 Rxb4 28. Bxb4 Rxb4 29. f5 Rb2 30. fxg6 Nxg6 31. Bxg6 fxg6 32. Ng5 h6 33. Nf7 Be8 34. Nxh6+ Bxh6 35. Qxh6 Qg7 36. Qf4 g5 37. Qf3 Bg6 38. Ra1 Qf7 39. Qxf7+ Bxf7 40. Ra8+ Kg7 41. Ra7 Re2 42. Nf5+ exf5 43. gxf5 c3 44. Kf1 Rxh2 45. Rc7 c2 46. Ke1 g4 0-1

[Event "Val Thorens op"]
[Site "Val Thorens"]
[Date "2002.07.25"]
[Round "7"]
[White "Lavastre, Elie"]
[Black "Durant, Christophe"]
[Result "1/2-1/2"]
[WhiteElo "1860"]
[BlackElo "1800"]
[PlyCount "84"]
[EventDate "2002.07.15"]
[EventType "swiss"]
[EventRounds "9"]
[EventCountry "FRA"]
[SourceTitle "EXT 2003"]
[Source "ChessBase"]
[SourceDate "2002.11.25"]
[SourceVersion "1"]
[SourceVersionDate "2002.11.25"]
[SourceQuality "1"]

1. e4 d6 2. d4 Nf6 3. Nc3 g6 4. Nf3 Bg7 5. Bc4 0-0 6. 0-0 Nxe4 7. Bxf7+ Rxf7 8. Nxe4 h6 9. Be3 Bg4 10. Ned2 Nc6 11. h3 Bxf3 12. Nxf3 Kh7 13. c3 e5 14. dxe5 Bxe5 15. Nxe5 Nxe5 16. Qc1 Qf8 17. f4 Nc4 18. Rf3 Re8 19. Bf2 Re4 20. b3 Nb6 21. Bxb6 axb6 22. g3 Re2 23. Rf2 Rxf2 24. Kxf2 d5 25. Qd2 Qc5+ 26. Qd4 Qxd4+ 27. cxd4 Kg7 28. Rd1 Kf6 29. Kf3 Re7 30. h4 h5 31. b4 Re4 32. b5 Ke6 33. a4 c6 34. bxc6 bxc6 35. Rb1 Rxd4 36. Rxb6 Kd6 37. a5 Ra4 38. Rb8 Rxa5 39. Rg8 Ra3+ 40. Kf2 Ra2+ 41. Kf3 Ra3+ 42. Kf2 d4 1/2-1/2